000 00463nam a22001697a 4500
003 BD-ChCU
005 20251123085520.0
008 251123b bg ||||| |||| 00| 0 ben d
040 _cBD-ChCU
082 _a574.0182 SOI
100 _aSokal, Robert R. & Rohlf, F.
_916566
245 _aIntroduction to biostatistics.//
_cRobert R. Sokal.
260 _aSan Francisco.
_bFreeman.
_c1973
300 _axiii, 368p
650 0 _aBiology
_916567
942 _2ddc
_cBK
_n0
999 _c109657
_d109657